<?xml version="1.0" encoding="UTF-8"?>
<marc:record xmlns:marc="http://www.loc.gov/MARC21/slim">
   <marc:leader>00000nam a2200000 a 4500</marc:leader>
   <marc:datafield ind1="0" ind2="0" tag="245">
      <marc:subfield code="a">Der Super Mario Bros. Film</marc:subfield>
   </marc:datafield>
   <marc:datafield ind1="0" ind2="0" tag="245">
      <marc:subfield code="b">Power-Up-Edition</marc:subfield>
   </marc:datafield>
   <marc:datafield ind1=" " ind2="1" tag="264">
      <marc:subfield code="c">2023</marc:subfield>
   </marc:datafield>
   <marc:datafield ind1="1" ind2=" " tag="520">
      <marc:subfield code="a">Bei unterirdischen Reparaturarbeiten an einer Wasserleitung werden die Klempner Mario und Luigi plötzlich in eine geheimnisvolle Röhre gesaugt und landen daraufhin in einer magischen Welt. Als die Brüder dort getrennt werden, begibt Mario sich auf eine gigantische Reise. Erlebe, wie er mit Hilfe von Princess Peach und dem Pilzkönigreichbewohner Toad spannende Herausforderungen besteht, um den Bösewicht Bowser zu besiegen und Luigi wiederzufinden. Der liebevoll animierte Super Mario Bros. Film spielt mit allem, was Millionen von Gamer weltweit seit vielen Jahren lieben, und macht daraus ein atemberaubendes Filmerlebnis für alle großen und kleinen Super-Mario-Fans!</marc:subfield>
   </marc:datafield>
   <marc:datafield ind1="3" ind2=" " tag="024">
      <marc:subfield code="a">5053083260187</marc:subfield>
   </marc:datafield>
   <marc:datafield ind1=" " ind2=" " tag="041">
      <marc:subfield code="a">ger</marc:subfield>
   </marc:datafield>
   <marc:datafield ind1=" " ind2=" " tag="338">
      <marc:subfield code="a">Videodisk</marc:subfield>
   </marc:datafield>
   <marc:datafield ind1=" " ind2=" " tag="300">
      <marc:subfield code="a">1 DVD (ca. 89 Minuten)</marc:subfield>
   </marc:datafield>
</marc:record>
